Mundo, hombre, historia: de la filosofía moderna a la contemporánea

Uloženo v:
Podrobná bibliografie
Hlavní autor: Cordua, Carla (autora)
Médium: Kniha
Jazyk:španělština
Vydáno: Santiago, Chile Universidad de Chile 1969
Témata:
Tagy: Přidat tag
Žádné tagy, Buďte první, kdo vytvoří štítek k tomuto záznamu!

MARC

LEADER 00000cam a2200000 a 4500
001 UCF2971
003 CL-VaPUC
005 20240530093022.0
008 120914e19690000CL |||||||||||||||||spa|d
999 |c 349509  |d 349507 
040 |c Pontificia Universidad Católica de Valparaíso 
082 0 4 |a 901 COR 1969  |2 21 
100 |a Cordua, Carla  |e autora   |9 463251 
245 1 0 |a Mundo, hombre, historia:  |b  de la filosofía moderna a la contemporánea 
260 |a Santiago, Chile  |b Universidad de Chile  |c 1969 
300 |a 223 páginas 
583 |a last modification  |c 20121001 12:30:57  |k Rodrigo Vera 
650 0 |a Filosofía de la historia  |9 265651 
650 0 |a Historia moderna  |9 268036 
942 |c BK  |2 ddc 
945 |d 20120914 00:00:00  |a dcastane 
952 |0 0  |1 0  |2 ddc  |4 0  |6 901_000000000000000_COR_1969  |7 0  |8 A  |9 452137  |a BIBHIS  |b BIBHIS  |d 2019-11-22  |i 4903587  |o 901 COR 1969  |p 4903587  |r 2025-01-20  |t 1  |w 2019-11-22  |y BK  |k HIS